[Event "Udaipur Lakecity op 3rd"]
[Site "Udaipur"]
[Date "2019.03.31"]
[Round "8"]
[White "Anchit, Vyas"]
[Black "Harikrishnan, A Ra"]
[Result "0-1"]
[WhiteElo "1890"]
[BlackElo "2413"]
[PlyCount "57"]
[EventDate "2019.03.28"]
[EventType "swiss"]
[EventRounds "8"]
[EventCountry "IND"]
[SourceTitle "CBM 189 Extra"]
[Source "ChessBase"]
[SourceDate "2019.06.03"]
[SourceVersion "1"]
[SourceVersionDate "2019.06.03"]
[SourceQuality "1"]

1. b3 e5 2. Bb2 d6 3. e3 f5 4. d4 e4 5. d5 Nf6 6. c4 Nbd7 7. Ne2 Ne5 8. Nf4 g6 9. h4 Bg7 10. Na3 0-0 11. Nb5 Bh6 12. Be2 Qe7 13. Nd4 Bd7 14. Qd2 c6 15. Nde6 Rfc8 16. Ng5 Ne8 17. Rd1 c5 18. Nfe6 Bxg5 19. Nxg5 h6 20. f4 exf3 21. Nxf3 Ng4 22. Qc3 Ng7 23. Rd3 b6 24. Qxg7+ Qxg7 25. Bxg7 Kxg7 26. Nd2 Ne5 27. Rc3 Re8 28. 0-0 a5 29. e4 0-1

[Event "Udaipur Lakecity op 3rd"]
[Site "Udaipur"]
[Date "2019.03.30"]
[Round "5"]
[White "Govind, Prabhu Mah"]
[Black "Anchit, Vyas"]
[Result "1-0"]
[WhiteElo "1558"]
[BlackElo "1890"]
[PlyCount "109"]
[EventDate "2019.03.28"]
[EventType "swiss"]
[EventRounds "8"]
[EventCountry "IND"]
[SourceTitle "CBM 189 Extra"]
[Source "ChessBase"]
[SourceDate "2019.06.03"]
[SourceVersion "1"]
[SourceVersionDate "2019.06.03"]
[SourceQuality "1"]

1. e4 d6 2. d4 g6 3. Nc3 Nf6 4. Nf3 Bg7 5. Bd3 c6 6. Kf1 a5 7. Kg1 0-0 8. Qe2 Nbd7 9. e5 dxe5 10. dxe5 Ng4 11. e6 Nde5 12. exf7+ Rxf7 13. Ng5 Rf8 14. Bc4+ Kh8 15. h3 Nh6 16. Bb3 Nf5 17. Be3 Nd4 18. Bxd4 Qxd4 19. Rd1 Qf4 20. Nce4 h6 21. Ne6 Bxe6 22. Bxe6 Rad8 23. g3 Qf3 24. Qxf3 Nxf3+ 25. Kg2 Nd4 26. Bb3 Nxb3 27. cxb3 Bxb2 28. Nc5 Rd5 29. Rxd5 cxd5 30. Rd1 b6 31. Nd7 Rd8 32. Rxd5 e6 33. Rd3 Kg7 34. Kf3 h5 35. Ke4 h4 36. g4 Ba3 37. Nxb6 Rb8 38. Nc4 Bb4 39. g5 Rb7 40. Ne5 Be1 41. f4 Rb4+ 42. Nc4 Rb7 43. Kf3 Rf7 44. Ne5 Rb7 45. Rd7+ Rxd7 46. Nxd7 Bb4 47. Ke4 Bd6 48. Ne5 Bb4 49. Kf3 Bd2 50. Kg4 Be1 51. Nf3 Bf2 52. Nxh4 Bxh4 53. Kxh4 Kf7 54. Kg4 Ke7 55. h4 1-0